LEADER 01333cam0-2200361---450- 001 990004168550403321 005 20090903152051.0 035 $a000416855 035 $aFED01000416855 035 $a(Aleph)000416855FED01 035 $a000416855 100 $a19990604d1979----km-y0itay50------ba 101 0 $aita 102 $aIT 105 $ay-------001cy 200 1 $aGestualitą e oracolaritą in Eraclito$fAntonio M. Battegazzore 210 $aGenova$cIstituto di filologia classica e medievale$d1979 215 $a138 p.$d20 cm 225 1 $aPubblicazioni dell'Istituto di filologia classica e medievale dell'Universitą di Genova$v59 610 0 $aEraclito$aStudi 676 $a182.4$v21$zita 700 1$aBattegazzore,$bAntonio M.$0162540 801 0$aIT$bUNINA$gRICA$2UNIMARC 901 $aBK 912 $a990004168550403321 952 $aP2B-610-HERACLIT.EPH.-8B.A.M.-1979$bIst.Fil.cl. 2006$fFLFBC 952 $aP2B-610-HERACLIT.EPH.-8B.A.M.-1979 bis$bIst.Fil.cl. 8333$fFLFBC 952 $aP2B-610-HERACLIT.EPH.-8B.A.M.-1979 ter$bIst.Fil.cl. 8477$fNAP03 952 $aP2B-610-HERACLIT.EPH.-8B.A.M.-1979 Quater$bBibl.52424$fNAP03 952 $aP2B-610-HERACLIT.EPH.-8B.A.M.-1979 quinquies$bAnt. G.R. 4053$fNAP03 959 $aFLFBC 996 $aGestualitą e oracolaritą in Eraclito$9159463 997 $aUNINA LEADER 01512nam--2200481---450- 001 990000427100203316 005 20080429120903.0 035 $a0042710 035 $aUSA010042710 035 $a(ALEPH)000042710USA01 035 $a0042710 100 $a20010504d1972----km-y0itay0103----ba 101 $aita 102 $aIT 105 $a||||||||001yy 200 1 $a<> Archivio storico del Banco di Napoli$euna fonte economica sociale e artistica del Mezzogiorno d'Italia 210 $aNapoli$cBanco di Napoli$d1972 215 $a181 p.$cill. tav.$d24 cm 300 $aScritti di vari a cura dell'Archivio storico del Banco di Napoli 410 $12001 461 1$1001-------$12001 606 0 $aBanco di Napoli$xArchivio storico 676 $a332 712 02$aBanco di Napoli: Archivio storico 801 0$aIT$bsalbc$gISBD 912 $a990000427100203316 951 $aXV.1.C. 25(V F 98)$b107498 LM$cV F 951 $aS XIII c 7$bDLM$cS XIII c 951 $a300 332.1 ARC$b2793 DISES 959 $aBK 969 $aUMA 969 $aDISES 979 $aPATTY$b90$c20010504$lUSA01$h1518 979 $c20020403$lUSA01$h1651 979 $aPATRY$b90$c20040406$lUSA01$h1630 979 $aCOPAT2$b90$c20050221$lUSA01$h1743 979 $aDILAM1$b90$c20080429$lUSA01$h1209 979 $c20121027$lUSA01$h1542 979 $c20121027$lUSA01$h1602 979 $c20121027$lUSA01$h1610 996 $aArchivio Storico del Banco di Napoli$9769652 997 $aUNISA DEB $aUSA17066 LEADER 01996nam 2200505 450 001 9910704419803321 005 20170727120738.0 035 $a(CKB)5470000002441500 035 $a(OCoLC)995166137 035 $a(EXLCZ)995470000002441500 100 $a20170727d2013 ua 0 101 0 $aeng 135 $aurcn||||||||| 181 $ctxt$2rdacontent 182 $cc$2rdamedia 183 $acr$2rdacarrier 200 00$aFeedlot 2011 210 1$aFort Collins, CO :$cU.S. Department of Agriculture, Animal and Plant Health Inspection Service, Veterinary Services, National Animal Health Monitoring System,$d2013. 215 $a1 online resource (416 unnumbered pages) $cillustrations (some color), color maps 300 $a"March 2013"--Pt. 1-2. 300 $a"July 2013"--Pt. 3. 300 $a"September 2013"--Pt. 4. 327 $apt. 1. Management practices on U.S. feedlots with a capacity of 1,000 or more head -- pt. 2. Management practices on U.S. feedlots with a capacity of fewer than 1,000 head -- pt. 3. Trends in health and management practices on U.S. feedlots, 1994-2011 -- pt. 4. Health and health management on U.S. feedlots with a capacity of 1,000 or more head. 606 $aFeedlots$zUnited States$vStatistics 606 $aCattle$xFeeding and feeds$zUnited States$vStatistics 606 $aCattle$xHealth$zUnited States$vStatistics 606 $aCattle$xFeeding and feeds$2fast 606 $aCattle$xHealth$2fast 606 $aFeedlots$2fast 607 $aUnited States$2fast 608 $aStatistics.$2fast 608 $aStatistics.$2lcgft 615 0$aFeedlots 615 0$aCattle$xFeeding and feeds 615 0$aCattle$xHealth 615 7$aCattle$xFeeding and feeds. 615 7$aCattle$xHealth. 615 7$aFeedlots. 712 02$aNational Animal Health Monitoring System (U.S.), 801 0$bGPO 801 1$bGPO 906 $aBOOK 912 $a9910704419803321 996 $aFeedlot 2011$93293983 997 $aUNINA